| 000 | 00588nam a2200145Ia 4500 | ||
|---|---|---|---|
| 008 | 140724s9999 xx 000 0 und d | ||
| 050 |
_aP 94.7 _b.Ar683 2012 |
||
| 100 | _aArevalo, Merjoice. | ||
| 245 |
_aVideo documentary on the effect of beauty pageant on the perception of vanity, interpersonal communication and self-confidence of a former female contestant / _cMerjoice Arevalo. |
||
| 260 |
_aLas PiƱas, Philippines : _bSouthville International School and Colleges, _cc2012. |
||
| 300 |
_a73 p. : _bill. ; _c28 cm. |
||
| 521 | _aMass Communication | ||
| 942 | _cTH | ||
| 999 |
_c228838 _d228838 |
||